000 01394cam a2200421 a 4500
001 16316330
003 OSt
005 20260416075645.0
008 100706s2010 sa b 001 0 eng
010 _a 2010475287
020 _a9780796923226
_qpbk.
020 _a0796923221
_qpbk.
020 _a9780796923240
_qe-book
020 _a0796923248
_qe-book
035 _a16316330
035 _a(OCoLC)572939247
040 _aY$R
_cY$R
_dBTCTA
_dDLC
042 _alccopycat
050 0 0 _aHD963
_b.S78 2010
082 0 4 _a333.0096
_222
245 0 4 _aThe struggle over land in Africa :
_bconflicts, politics & change /
_cedited by Ward Anseeuw & Chris Alden.
260 _aCape Town, South Africa :
_bHSRC Press,
_c2010.
300 _axii, 289 p. :
_bmaps ;
_c24 cm.
336 _atext
_btxt
_2rdacontent
337 _aunmediated
_bn
_2rdamedia
338 _avolume
_bnc
_2rdacarrier
504 _aIncludes bibliographical references and index.
650 0 _aLand use
_zAfrica.
650 0 _aLand use
_xGovernment policy
_zAfrica.
650 0 _aLand reform
_zAfrica.
650 0 _aLand tenure
_xPolitical aspects
_zAfrica.
700 1 _aAnseeuw, Ward,
_d1974-
700 1 _aAlden, Chris.
906 _a7
_bcbc
_ccopycat
_d3
_encip
_f20
_gy-gencatlg
942 _2lcc
_cBK
_n0
999 _c23697
_d23696